[Event "National Capital op"]
[Site "Ottawa CAN"]
[Date "2017.11.11"]
[Round "3"]
[White "Peterson, Curtis"]
[Black "Gordon, David"]
[Result "0-1"]
[WhiteElo "2067"]
[BlackElo "2313"]
[WhiteFideId "-1"]
[WhiteFideId "-1"]
[PlyCount "128"]
[GameId "2160767908309016"]
[EventDate "2017.11.10"]
[EventType "swiss"]
[EventRounds "5"]
[EventCountry "CAN"]
[SourceTitle "EXT 2022"]
[Source "ChessBase"]
[SourceDate "2021.10.06"]
[SourceVersion "1"]
[SourceVersionDate "2021.10.06"]
[SourceQuality "1"]

1. Nf3 c5 2. g3 b6 3. Bg2 Bb7 4. d4 cxd4 5. O-O Nf6 6. Qxd4 d5 7. Ne5 e6 8. b3 Nbd7 9. Bb2 Bd6 10. Nc4 Bc5 11. Qf4 Qb8 12. Ne5 Bd6 13. Nxd7 Bxf4 14. Nxb8 Bxb8 15. Ba3 Be5 16. c3 Kd7 17. Bb2 Rhd8 18. Nd2 Rac8 19. Nc4 Bb8 20. Rfd1 Ke8 21. Ba3 Ba6 22. Ne3 Bxe2 23. Re1 Bd3 24. Rad1 Be4 25. f3 Bg6 26. Bf1 Bd6 27. Bb2 Be7 28. Ba6 Rc5 29. a4 Kf8 30. b4 Rc7 31. g4 d4 32. g5 dxe3 33. gxf6 Bxf6 34. Rxd8+ Bxd8 35. Rxe3 Rd7 36. Re2 Rd1+ 37. Kg2 Bd3 38. Bxd3 Rxd3 39. Rc2 Bf6 40. Kf2 Ke8 41. Ke2 Rd5 42. c4 Rh5 43. Kd3 Rh3 44. Ke4 Rh4+ 45. Kd3 Bxb2 46. Rxb2 Rf4 47. c5 bxc5 48. bxc5 Kd7 49. Rb7+ Kc6 50. Rxa7 Rxf3+ 51. Kd4 Rf4+ 52. Ke5 g5 53. Ra8 Kxc5 54. Rc8+ Kb4 55. Rh8 Kxa4 56. Rxh7 Kb5 57. Rh5 Rf5+ 58. Ke4 Kc6 59. Rh7 Kd6 60. Rh6 Rf4+ 61. Ke3 f5 62. Rg6 Rh4 63. Rxg5 Rxh2 64. Rg8 Ke5 0-1

[Event "National Capital op"]
[Site "Ottawa CAN"]
[Date "2017.11.11"]
[Round "3"]
[White "Sadeghi, Saeid"]
[Black "Yang, Fan"]
[Result "0-1"]
[WhiteElo "2090"]
[BlackElo "2078"]
[WhiteFideId "-1"]
[WhiteFideId "-1"]
[PlyCount "72"]
[GameId "2160767908309017"]
[EventDate "2017.11.10"]
[EventType "swiss"]
[EventRounds "5"]
[EventCountry "CAN"]
[SourceTitle "EXT 2022"]
[Source "ChessBase"]
[SourceDate "2021.10.06"]
[SourceVersion "1"]
[SourceVersionDate "2021.10.06"]
[SourceQuality "1"]

1. d4 d5 2. c4 c6 3. Nf3 Nf6 4. Nc3 e6 5. Bg5 Be7 6. e3 Nbd7 7. Bd3 h6 8. Bh4 b6 9. Rc1 Bb7 10. O-O O-O 11. Ne5 c5 12. cxd5 exd5 13. f4 cxd4 14. exd4 Ne4 15. Bxe7 Qxe7 16. Nxd7 Qxd7 17. f5 Nf6 18. Qf3 a6 19. Rfe1 Rfe8 20. Qf4 Rac8 21. Re5 Rxe5 22. dxe5 Ne4 23. Bxe4 dxe4 24. Rd1 Qc6 25. Re1 Qc5+ 26. Kh1 Qd4 27. f6 g5 28. Qe3 Qxe3 29. Rxe3 Rc5 30. h4 Rxe5 31. hxg5 hxg5 32. Kh2 Kh7 33. Nd1 Rf5 34. Kg3 Rxf6 35. Nf2 Re6 36. Kg4 Kg6 0-1

[Event "National Capital op"]
[Site "Ottawa CAN"]
[Date "2017.11.11"]
[Round "3"]
[White "Sambuev, Bator"]
[Black "Demchenko, Svitlana"]
[Result "1/2-1/2"]
[WhiteElo "2618"]
[BlackElo "2222"]
[WhiteFideId "-1"]
[WhiteFideId "-1"]
[PlyCount "104"]
[GameId "2160767908309018"]
[EventDate "2017.11.10"]
[EventType "swiss"]
[EventRounds "5"]
[EventCountry "CAN"]
[SourceTitle "EXT 2022"]
[Source "ChessBase"]
[SourceDate "2021.10.06"]
[SourceVersion "1"]
[SourceVersionDate "2021.10.06"]
[SourceQuality "1"]

1. Nf3 d5 2. c4 e6 3. g3 Nf6 4. Bg2 Be7 5. O-O O-O 6. b3 c5 7. e3 Nc6 8. Bb2 b6 9. Nc3 Bb7 10. cxd5 Nxd5 11. Nxd5 Qxd5 12. d4 Rfd8 13. Ne5 Qd6 14. Qh5 Nxe5 15. Bxb7 Rab8 16. dxc5 Qxc5 17. Rfc1 Nc4 18. Qg4 Qg5 19. Rxc4 Rxb7 20. Qf3 Qd5 21. e4 Qg5 22. h4 Qg6 23. Rd1 Rbd7 24. Rxd7 Rxd7 25. Rc8+ Rd8 26. h5 Qg5 27. Rc7 a5 28. h6 e5 29. hxg7 Kxg7 30. Qf4 Qxf4 31. gxf4 Kf8 32. Bxe5 Bd6 33. Bxd6+ Rxd6 34. Rc2 Rg6+ 35. Kh2 Rg4 36. e5 Rxf4 37. Kg3 Re4 38. f4 a4 39. Kg4 axb3 40. axb3 Kg7 41. Rc4 Re1 42. Rb4 Rg1+ 43. Kf3 h5 44. f5 Rf1+ 45. Ke4 h4 46. Kd5 Rxf5 47. Rxh4 f6 48. Re4 Kf7 49. b4 Ke7 50. b5 Kd7 51. Re1 Rxe5+ 52. Rxe5 fxe5 1/2-1/2

[Event "National Capital op"]
[Site "Ottawa CAN"]
[Date "2017.11.12"]
[Round "4"]
[White "Demchenko, Svitlana"]
[Black "Miller, Rachel"]
[Result "1/2-1/2"]
[WhiteElo "2222"]
[BlackElo "2078"]
[WhiteFideId "-1"]
[WhiteFideId "-1"]
[PlyCount "92"]
[GameId "2160767908309019"]
[EventDate "2017.11.10"]
[EventType "swiss"]
[EventRounds "5"]
[EventCountry "CAN"]
[SourceTitle "EXT 2022"]
[Source "ChessBase"]
[SourceDate "2021.10.06"]
[SourceVersion "1"]
[SourceVersionDate "2021.10.06"]
[SourceQuality "1"]

1. e4 e5 2. Nf3 Nc6 3. d4 exd4 4. Bc4 Bc5 5. c3 Nf6 6. cxd4 Bb4+ 7. Bd2 Bxd2+ 8. Nbxd2 d5 9. exd5 Nxd5 10. Qb3 Nce7 11. O-O O-O 12. Ne5 c6 13. Ndf3 Qb6 14. Rfe1 h6 15. Nd3 Bf5 16. Nc5 Qxb3 17. Bxb3 b6 18. Ne4 Be6 19. Rac1 Nf4 20. Bxe6 Nxe6 21. Ned2 Rfd8 22. Nb3 Kf8 23. g3 a5 24. a4 Rac8 25. Rc4 Rd6 26. Rec1 f6 27. R4c2 Rcd8 28. Kf1 Ra8 29. Ra1 Ke8 30. Ke2 g5 31. g4 Rad8 32. Rd2 Kd7 33. h4 Nf4+ 34. Kd1 Kc8 35. Kc2 gxh4 36. Nxh4 Ne6 37. Rad1 Kb7 38. Ng2 f5 39. f3 fxg4 40. fxg4 Nd5 41. Rf1 Ndf4 42. Rxf4 Nxf4 43. Nxf4 Rg8 44. Rg2 Rf6 45. Nd3 h5 46. Ne5 hxg4 1/2-1/2

[Event "National Capital op"]
[Site "Ottawa CAN"]
[Date "2017.11.12"]
[Round "4"]
[White "Gordon, David"]
[Black "Dukic, Zachary"]
[Result "1/2-1/2"]
[WhiteElo "2313"]
[BlackElo "2251"]
[WhiteFideId "-1"]
[WhiteFideId "-1"]
[PlyCount "43"]
[GameId "2160767908309020"]
[EventDate "2017.11.10"]
[EventType "swiss"]
[EventRounds "5"]
[EventCountry "CAN"]
[SourceTitle "EXT 2022"]
[Source "ChessBase"]
[SourceDate "2021.10.06"]
[SourceVersion "1"]
[SourceVersionDate "2021.10.06"]
[SourceQuality "1"]

1. d4 Nf6 2. Bg5 e6 3. e4 c5 4. d5 d6 5. Nc3 a6 6. Nf3 Be7 7. e5 dxe5 8. dxe6 Bxe6 9. Qxd8+ Bxd8 10. Nxe5 h6 11. Be3 Bc7 12. Nd3 b6 13. Bf4 Bxf4 14. Nxf4 Nc6 15. Nxe6 fxe6 16. O-O-O Ke7 17. Bd3 Nb4 18. Rhe1 Nxd3+ 19. Rxd3 Rad8 20. Rde3 Rd6 21. f4 Kf7 22. Ne4 1/2-1/2

[Event "National Capital op"]
[Site "Ottawa CAN"]
[Date "2017.11.12"]
[Round "4"]
[White "Marin, Sam"]
[Black "Zhong, Kevin"]
[Result "1-0"]
[WhiteElo "2224"]
[BlackElo "2090"]
[WhiteFideId "-1"]
[WhiteFideId "-1"]
[PlyCount "79"]
[GameId "2160767908309021"]
[EventDate "2017.11.10"]
[EventType "swiss"]
[EventRounds "5"]
[EventCountry "CAN"]
[SourceTitle "EXT 2022"]
[Source "ChessBase"]
[SourceDate "2021.10.06"]
[SourceVersion "1"]
[SourceVersionDate "2021.10.06"]
[SourceQuality "1"]

1. c4 e6 2. Nc3 d5 3. d4 c5 4. e3 Nf6 5. Nf3 Nc6 6. a3 Ne4 7. Qc2 Nxc3 8. Qxc3 cxd4 9. exd4 dxc4 10. Bxc4 Be7 11. Bf4 Bf6 12. Rd1 O-O 13. O-O Ne7 14. Be5 Nd5 15. Qd3 b6 16. Ba2 Bb7 17. Bb1 g6 18. Rfe1 Qe7 19. Qd2 Rfd8 20. Be4 Kg7 21. h4 Bxe5 22. dxe5 Nc3 23. Qxc3 Rxd1 24. Rxd1 Bxe4 25. Ng5 Bb7 26. Qb4 Qxb4 27. axb4 h6 28. Nxf7 Bxg2 29. Kxg2 Kxf7 30. Rd7+ Kf8 31. Rh7 Rd8 32. Rh8+ Ke7 33. Rxh6 Rd4 34. Kg3 Rxb4 35. Rxg6 Kf7 36. Rf6+ Ke7 37. h5 Rxb2 38. h6 Rd2 39. Rg6 Rd1 40. h7 1-0

[Event "National Capital op"]
[Site "Ottawa CAN"]
[Date "2017.11.12"]
[Round "4"]
[White "Peterson, Curtis"]
[Black "Collins, Chris"]
[Result "1-0"]
[WhiteElo "2067"]
[BlackElo "2048"]
[WhiteFideId "-1"]
[WhiteFideId "-1"]
[PlyCount "33"]
[GameId "2160767908309022"]
[EventDate "2017.11.10"]
[EventType "swiss"]
[EventRounds "5"]
[EventCountry "CAN"]
[SourceTitle "EXT 2022"]
[Source "ChessBase"]
[SourceDate "2021.10.06"]
[SourceVersion "1"]
[SourceVersionDate "2021.10.06"]
[SourceQuality "1"]

1. Nf3 Nf6 2. g3 d6 3. Bg2 e5 4. O-O Nc6 5. d3 g6 6. Nc3 Bg7 7. Bg5 h6 8. Bxf6 Qxf6 9. Nd5 Qd8 10. e4 O-O 11. c3 Ne7 12. Ne3 Kh7 13. g4 f5 14. exf5 gxf5 15. Nh4 fxg4 16. Be4+ Kh8 17. Nd5 1-0

[Event "National Capital op"]
[Site "Ottawa CAN"]
[Date "2017.11.12"]
[Round "4"]
[White "Yang, Fan"]
[Black "Sambuev, Bator"]
[Result "0-1"]
[WhiteElo "2078"]
[BlackElo "2618"]
[WhiteFideId "-1"]
[WhiteFideId "-1"]
[PlyCount "60"]
[GameId "2160767908309023"]
[EventDate "2017.11.10"]
[EventType "swiss"]
[EventRounds "5"]
[EventCountry "CAN"]
[SourceTitle "EXT 2022"]
[Source "ChessBase"]
[SourceDate "2021.10.06"]
[SourceVersion "1"]
[SourceVersionDate "2021.10.06"]
[SourceQuality "1"]

1. e4 d5 2. exd5 Qxd5 3. Nc3 Qa5 4. d4 Nf6 5. Nf3 Bg4 6. Be2 Nc6 7. O-O O-O-O 8. Be3 e5 9. d5 Nxd5 10. Nxd5 Rxd5 11. Qe1 Qxe1 12. Rfxe1 f6 13. c4 Rd7 14. a3 Be7 15. b4 Bf5 16. Rec1 Rhd8 17. c5 e4 18. b5 exf3 19. bxc6 fxe2 20. cxd7+ Rxd7 21. Re1 Bd3 22. f3 Rd5 23. Rac1 Kd7 24. Kf2 Kc6 25. Rc3 Ba6 26. Rxe2 Bxe2 27. Kxe2 Bxc5 28. Bf4 b5 29. g4 a5 30. h4 h6 0-1

[Event "National Capital op"]
[Site "Ottawa CAN"]
[Date "2017.11.12"]
[Round "5"]
[White "Dukic, Zachary"]
[Black "Demchenko, Svitlana"]
[Result "0-1"]
[WhiteElo "2251"]
[BlackElo "2222"]
[WhiteFideId "-1"]
[WhiteFideId "-1"]
[PlyCount "68"]
[GameId "2160767908309024"]
[EventDate "2017.11.10"]
[EventType "swiss"]
[EventRounds "5"]
[EventCountry "CAN"]
[SourceTitle "EXT 2022"]
[Source "ChessBase"]
[SourceDate "2021.10.06"]
[SourceVersion "1"]
[SourceVersionDate "2021.10.06"]
[SourceQuality "1"]

1. e4 c5 2. Nf3 e6 3. d4 cxd4 4. Nxd4 a6 5. Bd3 Bc5 6. Nb3 Be7 7. Qg4 g6 8. Qe2 d6 9. Nc3 Nc6 10. O-O Qc7 11. Be3 Nf6 12. Bh6 Bf8 13. Bxf8 Kxf8 14. f4 Kg7 15. Qf3 b5 16. e5 Nd7 17. exd6 Qxd6 18. Bxb5 Nd4 19. Nxd4 Qxd4+ 20. Kh1 Rb8 21. Rad1 Qa7 22. Ba4 Nf6 23. Qe2 Bb7 24. Rd2 h5 25. Qe5 Rbd8 26. Rfd1 Qb6 27. h3 Rxd2 28. Rxd2 Qxb2 29. Bb3 Rc8 30. Rd3 Qa1+ 31. Kh2 Qf1 32. Rg3 Rd8 33. Bxe6 Rd2 34. Qg5 Ng4+ 0-1

[Event "National Capital op"]
[Site "Ottawa CAN"]
[Date "2017.11.12"]
[Round "5"]
[White "Dunne, Francesco"]
[Black "Gordon, David"]
[Result "0-1"]
[WhiteElo "2214"]
[BlackElo "2314"]
[WhiteFideId "-1"]
[WhiteFideId "-1"]
[PlyCount "66"]
[GameId "2160767908309025"]
[EventDate "2017.11.10"]
[EventType "swiss"]
[EventRounds "5"]
[EventCountry "CAN"]
[SourceTitle "EXT 2022"]
[Source "ChessBase"]
[SourceDate "2021.10.06"]
[SourceVersion "1"]
[SourceVersionDate "2021.10.06"]
[SourceQuality "1"]

1. e4 c5 2. Nf3 Nc6 3. Bb5 Nf6 4. Bxc6 dxc6 5. d3 Bg4 6. h3 Bh5 7. Nc3 Nd7 8. g4 Bg6 9. Bf4 f6 10. e5 Nb6 11. Qe2 Nd5 12. Bd2 Nb4 13. Rc1 c4 14. d4 Nxc2+ 15. Rxc2 Bxc2 16. Qxc4 h5 17. g5 Qd7 18. e6 Qd6 19. d5 cxd5 20. Nxd5 Qxe6+ 21. Be3 Kf7 22. Nd4 Rc8 23. g6+ Bxg6 24. Qb3 Bc2 25. Qxb7 Rb8 26. Qxb8 Qxd5 27. O-O Ba4 28. Qxa7 Bd7 29. Kh2 e5 30. Ne2 Be7 31. Nc3 Qe6 32. Rd1 Qxh3+ 33. Kg1 Bg4 0-1

[Event "National Capital op"]
[Site "Ottawa CAN"]
[Date "2017.11.12"]
[Round "5"]
[White "Fei, David"]
[Black "Collins, Chris"]
[Result "1-0"]
[WhiteElo "2051"]
[BlackElo "2049"]
[WhiteFideId "-1"]
[WhiteFideId "-1"]
[PlyCount "35"]
[GameId "2160767908309026"]
[EventDate "2017.11.10"]
[EventType "swiss"]
[EventRounds "5"]
[EventCountry "CAN"]
[SourceTitle "EXT 2022"]
[Source "ChessBase"]
[SourceDate "2021.10.06"]
[SourceVersion "1"]
[SourceVersionDate "2021.10.06"]
[SourceQuality "1"]

1. e4 e5 2. Nf3 d6 3. d4 f5 4. Nc3 fxe4 5. Nxe4 d5 6. Nxe5 dxe4 7. Bc4 Nc6 8. Nxc6 bxc6 9. Qh5+ g6 10. Qe5+ Qe7 11. Qxh8 Qb4+ 12. c3 Qxc4 13. Qxh7 Ne7 14. Bg5 Bg4 15. f3 exf3 16. O-O-O O-O-O 17. gxf3 Bxf3 18. Qh3+ 1-0

[Event "National Capital op"]
[Site "Ottawa CAN"]
[Date "2017.11.12"]
[Round "5"]
[White "Sambuev, Bator"]
[Black "Miller, Rachel"]
[Result "1-0"]
[WhiteElo "2618"]
[BlackElo "2078"]
[WhiteFideId "-1"]
[WhiteFideId "-1"]
[PlyCount "79"]
[GameId "2160767908309027"]
[EventDate "2017.11.10"]
[EventType "swiss"]
[EventRounds "5"]
[EventCountry "CAN"]
[SourceTitle "EXT 2022"]
[Source "ChessBase"]
[SourceDate "2021.10.06"]
[SourceVersion "1"]
[SourceVersionDate "2021.10.06"]
[SourceQuality "1"]

1. Nf3 c5 2. e4 e6 3. d4 cxd4 4. Nxd4 Qc7 5. Nb5 Qc6 6. N1c3 a6 7. a4 Bb4 8. Qd4 Bxc3+ 9. bxc3 Nf6 10. Nd6+ Kf8 11. Ba3 Kg8 12. c4 Qc7 13. Rb1 Nc6 14. Qb6 Qxb6 15. Rxb6 h5 16. Bd3 Ne5 17. f4 Nxd3+ 18. cxd3 h4 19. Ke2 h3 20. g3 Rh5 21. Bb2 Ra5 22. Bxf6 gxf6 23. Ra1 Rc5 24. d4 Rc6 25. c5 a5 26. Kd3 Ra6 27. Rxa6 bxa6 28. Rb1 Kh7 29. Rb8 e5 30. Rxc8 Rxc8 31. Nxc8 exf4 32. gxf4 Kg6 33. Nb6 Kh5 34. Nxd7 Kg4 35. Ke3 f5 36. c6 fxe4 37. c7 f5 38. c8=Q Kh5 39. Ne5 Kh4 40. Qh8# 1-0

[Event "National Capital op U1900"]
[Site "Ottawa CAN"]
[Date "2017.11.10"]
[Round "1"]
[White "Laurin, Marcel"]
[Black "Zhu, Matthew"]
[Result "1-0"]
[WhiteElo "1710"]
[BlackElo "1501"]
[WhiteFideId "-1"]
[WhiteFideId "-1"]
[PlyCount "65"]
[GameId "2160767908309028"]
[EventDate "2017.11.10"]
[EventType "swiss"]
[EventRounds "5"]
[EventCountry "CAN"]

1. d4 d5 2. Nf3 Nf6 3. c4 c6 4. cxd5 cxd5 5. Nc3 e6 6. a3 Nc6 7. Bf4 Be7 8. e3 O-O 9. Nb5 Ne8 10. Bd3 a6 11. Nc3 f6 12. Qc2 g6 13. h4 Ng7 14. h5 f5 15. hxg6 hxg6 16. Bh6 Rf7 17. g4 Bd7 18. g5 Be8 19. Ne2 Nh5 20. Nf4 Nxf4 21. exf4 Rh7 22. Ke2 Rc8 23. Qd2 Na5 24. Rag1 Ba4 25. Qe3 Qb6 26. Kf1 Be8 27. Kg2 Bf7 28. Rc1 Nc6 29. b4 Bf8 30. Bxf8 Rxf8 31. Rxh7 Kxh7 32. Rh1+ Kg7 33. Ne5 1-0

[Event "National Capital op U1900"]
[Site "Ottawa CAN"]
[Date "2017.11.10"]
[Round "1"]
[White "Peters, Romy"]
[Black "Balazadeh, Kamal"]
[Result "0-1"]
[WhiteElo "1623"]
[BlackElo "1752"]
[WhiteFideId "-1"]
[WhiteFideId "-1"]
[PlyCount "60"]
[GameId "2160767908309029"]
[EventDate "2017.11.10"]
[EventType "swiss"]
[EventRounds "5"]
[EventCountry "CAN"]

1. d4 d5 2. Nf3 Nf6 3. e3 e6 4. Bd3 c5 5. c3 Nc6 6. Nbd2 cxd4 7. exd4 Bd6 8. O-O Qc7 9. Re1 O-O 10. Qe2 a6 11. Ne5 b5 12. Ndf3 b4 13. Nxc6 Qxc6 14. Ne5 Qc7 15. Bd2 a5 16. Rac1 Qb8 17. Bg5 Ne4 18. Bd2 Bxe5 19. dxe5 f5 20. exf6 Rxf6 21. Bxe4 dxe4 22. Qxe4 Bb7 23. Qe5 Qf8 24. f3 Rg6 25. Kf2 Rxg2+ 26. Ke3 Qxf3+ 27. Kd4 Rxd2+ 28. Kc4 Qd3+ 29. Kc5 Rc8+ 30. Kb6 Qa6# 0-1

[Event "National Capital op U1900"]
[Site "Ottawa CAN"]
[Date "2017.11.11"]
[Round "2"]
[White "Balazadeh, Kamal"]
[Black "Laurin, Marcel"]
[Result "1-0"]
[WhiteElo "1752"]
[BlackElo "1710"]
[WhiteFideId "-1"]
[WhiteFideId "-1"]
[PlyCount "67"]
[GameId "2160767908309030"]
[EventDate "2017.11.10"]
[EventType "swiss"]
[EventRounds "5"]
[EventCountry "CAN"]

1. e4 b6 2. d4 Bb7 3. Nc3 e6 4. a3 h6 5. Nf3 d6 6. Bc4 Nd7 7. Qe2 a6 8. Be3 b5 9. Bd3 Ne7 10. O-O-O Nc8 11. g4 Ncb6 12. g5 g6 13. Rhg1 h5 14. h4 d5 15. Nd2 b4 16. axb4 Bxb4 17. Ndb1 Qe7 18. f4 Bxc3 19. Nxc3 dxe4 20. Nxe4 O-O 21. Ng3 Nd5 22. Bd2 a5 23. Nxh5 Rfb8 24. Nf6+ N7xf6 25. gxf6 Nxf6 26. f5 Be4 27. Bxe4 exf5 28. Bd3 Qd7 29. Qe5 Qa4 30. Bc3 Ng4 31. Rxg4 Re8 32. Qxf5 Re6 33. d5 Re2 34. Rxa4 1-0

[Event "National Capital op U1900"]
[Site "Ottawa CAN"]
[Date "2017.11.11"]
[Round "3"]
[White "Laurin, Marcel"]
[Black "Poulin, Rene"]
[Result "1-0"]
[WhiteElo "1710"]
[BlackElo "1672"]
[WhiteFideId "-1"]
[WhiteFideId "-1"]
[PlyCount "131"]
[GameId "2160767908309031"]
[EventDate "2017.11.10"]
[EventType "swiss"]
[EventRounds "5"]
[EventCountry "CAN"]

1. d4 Nf6 2. c4 g6 3. Nc3 Bg7 4. e4 d6 5. Be3 O-O 6. Be2 e5 7. d5 Na6 8. a3 Nc5 9. Bf3 a5 10. b4 axb4 11. axb4 Rxa1 12. Qxa1 Nd3+ 13. Kd2 Nxb4 14. Nge2 b6 15. Qb2 Na6 16. Ra1 Nc5 17. Bxc5 bxc5 18. Ra7 Ne8 19. Qb8 Qg5+ 20. Kc2 Bg4 21. Nb5 Bxf3 22. gxf3 Bh6 23. Kb3 Qd2 24. Nec3 Qxf2 25. Nxc7 Nxc7 26. Qxc7 Qxf3 27. Qxd6 Be3 28. Qxe5 Bd4 29. Qg3 Qf6 30. Rb7 Ra8 31. Rb8+ Rxb8+ 32. Qxb8+ Kg7 33. Qg3 Be5 34. Qe3 Qb6+ 35. Nb5 f6 36. Qh3 Qa5 37. Qd7+ Kh6 38. Qh3+ Kg5 39. Qe3+ Kg4 40. Qxc5 Qa1 41. h3+ Kxh3 42. Qe3+ Kg4 43. Nc3 h5 44. Qd2 Qa6 45. Qg2+ Bg3 46. Qe2+ Kf4 47. Qd3 Qd6 48. Ne2+ Kg4 49. Qxg3+ Qxg3+ 50. Nxg3 Kxg3 51. d6 h4 52. d7 h3 53. d8=Q h2 54. Qxf6 h1=Q 55. Qxg6+ Kf4 56. Qf5+ Ke3 57. Qg5+ Kd4 58. Qd5+ Ke3 59. Qg5+ Kd4 60. Qd2+ Ke5 61. Qd5+ Kf4 62. Kb4 Qb1+ 63. Kc5 Qg1+ 64. Kc6 Qa7 65. Qf5+ Ke3 66. Qc5+ 1-0

[Event "National Capital op U1900"]
[Site "Ottawa CAN"]
[Date "2017.11.12"]
[Round "4"]
[White "Ritchie, Gordon"]
[Black "Laurin, Marcel"]
[Result "1/2-1/2"]
[WhiteElo "1810"]
[BlackElo "1710"]
[WhiteFideId "-1"]
[WhiteFideId "-1"]
[PlyCount "47"]
[GameId "2160767908309032"]
[EventDate "2017.11.10"]
[EventType "swiss"]
[EventRounds "5"]
[EventCountry "CAN"]

1. d4 d5 2. Bf4 Nf6 3. e3 Bf5 4. Nc3 c6 5. Nf3 e6 6. Be2 h6 7. Ne5 g5 8. Bg3 h5 9. h4 g4 10. a3 Bh6 11. b4 Nbd7 12. Bd3 Qe7 13. Bxf5 exf5 14. Qd3 Ne4 15. Nxe4 fxe4 16. Qe2 Nxe5 17. Bxe5 f6 18. Bg3 b5 19. c3 a5 20. O-O O-O 21. Bf4 Bxf4 22. exf4 f5 23. g3 a4 24. Qe3 1/2-1/2

[Event "National Capital op U1900"]
[Site "Ottawa CAN"]
[Date "2017.11.12"]
[Round "5"]
[White "Ju, Lawrence"]
[Black "Ritchie, Gordon"]
[Result "1-0"]
[WhiteElo "1717"]
[BlackElo "1810"]
[WhiteFideId "-1"]
[WhiteFideId "-1"]
[PlyCount "63"]
[GameId "2160767908309033"]
[EventDate "2017.11.10"]
[EventType "swiss"]
[EventRounds "5"]
[EventCountry "CAN"]

1. d4 Nf6 2. c4 e6 3. Nf3 b6 4. Nc3 Bb7 5. e3 d5 6. Bd2 c5 7. Rc1 Nbd7 8. Bd3 dxc4 9. Bxc4 cxd4 10. exd4 Be7 11. O-O O-O 12. Re1 h6 13. Qe2 Re8 14. Rcd1 Rc8 15. Bb3 a6 16. Ne5 Nf8 17. f4 Qxd4+ 18. Kh1 Qc5 19. Be3 Qc7 20. Na4 b5 21. Bb6 Qb8 22. Nc3 Bxg2+ 23. Qxg2 Qxb6 24. f5 Bb4 25. Rg1 Nh5 26. Ne4 Be7 27. f6 g6 28. fxe7 Rxe7 29. Qf3 Ng7 30. Nf6+ Kh8 31. Qf4 Qb7+ 32. Bd5 1-0

[Event "Ontario op"]
[Site "Ottawa CAN"]
[Date "2017.05.20"]
[Round "1"]
[White "Cai, Jason"]
[Black "Sambuev, Bator"]
[Result "0-1"]
[WhiteElo "2599"]
[BlackElo "1946"]
[WhiteFideId "-1"]
[WhiteFideId "-1"]
[PlyCount "78"]
[GameId "2160767908411352"]
[EventDate "2017.05.20"]
[EventType "swiss"]
[EventRounds "6"]
[EventCountry "CAN"]
[SourceTitle "EXT 2022"]
[Source "ChessBase"]
[SourceDate "2021.10.06"]
[SourceVersion "1"]
[SourceVersionDate "2021.10.06"]
[SourceQuality "1"]

1. e4 e6 2. d4 d5 3. Nd2 c5 4. exd5 exd5 5. Ngf3 Nf6 6. Bb5+ Bd7 7. Bxd7+ Nbxd7 8. O-O Be7 9. dxc5 Nxc5 10. Nd4 Qd7 11. Qf3 O-O 12. Nf5 Bd8 13. Nb3 Nce4 14. Be3 Rc8 15. c3 a5 16. Nbd4 a4 17. a3 h5 18. Rfe1 g6 19. Ng3 Re8 20. h3 Nd6 21. Bg5 Nfe4 22. Bxd8 Rcxd8 23. Rad1 f5 24. Qf4 Nc4 25. f3 Qd6 26. Qxd6 Nexd6 27. Ne6 Nxb2 28. Nxd8 Nxd1 29. Rxd1 Rxd8 30. Rxd5 Nf7 31. Rxd8+ Nxd8 32. Ne2 Nf7 33. f4 Nd6 34. Nd4 Nc4 35. Nb5 Kf7 36. Kf2 Ke6 37. Ke2 Kd5 38. Kd3 Kc5 39. Nc7 Nxa3 0-1

[Event "Ontario op"]
[Site "Ottawa CAN"]
[Date "2017.05.20"]
[Round "1"]
[White "Nicholson, Matthew"]
[Black "Marin, Sam"]
[Result "1/2-1/2"]
[WhiteElo "2043"]
[BlackElo "2027"]
[WhiteFideId "-1"]
[WhiteFideId "-1"]
[PlyCount "90"]
[GameId "2160767908411353"]
[EventDate "2017.05.20"]
[EventType "swiss"]
[EventRounds "6"]
[EventCountry "CAN"]
[SourceTitle "EXT 2022"]
[Source "ChessBase"]
[SourceDate "2021.10.06"]
[SourceVersion "1"]
[SourceVersionDate "2021.10.06"]
[SourceQuality "1"]

1. d4 Nf6 2. Bf4 e6 3. e3 b6 4. Nd2 Bb7 5. Ngf3 d6 6. Bd3 Be7 7. Qe2 Nbd7 8. c3 c5 9. Nc4 Qc7 10. e4 Nh5 11. Bd2 b5 12. Na3 a6 13. O-O Nhf6 14. Rfe1 e5 15. Rac1 O-O 16. Bb1 Rfd8 17. Nh4 Nf8 18. Nf5 Ng6 19. d5 Re8 20. Qf3 Bf8 21. Bg5 Nd7 22. h4 f6 23. Bd2 Ne7 24. Re3 Nxf5 25. Qxf5 g6 26. Rg3 Bg7 27. Qg4 Nf8 28. h5 Bc8 29. Qf3 Qf7 30. hxg6 hxg6 31. c4 b4 32. Nc2 f5 33. exf5 Bxf5 34. Qe2 e4 35. Rb3 Nd7 36. g4 e3 37. Rxe3 Rxe3 38. fxe3 Be4 39. Rf1 Qe7 40. Na1 Bxb1 41. Rxb1 Qe4 42. Rf1 Bxb2 43. Rf4 Qb1+ 44. Rf1 Qe4 45. Rf4 Qb1+ 1/2-1/2

[Event "Ontario op"]
[Site "Ottawa CAN"]
[Date "2017.05.20"]
[Round "2"]
[White "Gordon, David"]
[Black "Nicholson, Matthew"]
[Result "1-0"]
[WhiteElo "2315"]
[BlackElo "2043"]
[WhiteFideId "-1"]
[WhiteFideId "-1"]
[PlyCount "81"]
[GameId "2160767908411358"]
[EventDate "2017.05.20"]
[EventType "swiss"]
[EventRounds "6"]
[EventCountry "CAN"]
[SourceTitle "EXT 2022"]
[Source "ChessBase"]
[SourceDate "2021.10.06"]
[SourceVersion "1"]
[SourceVersionDate "2021.10.06"]
[SourceQuality "1"]

1. d4 d5 2. Bf4 c5 3. e4 Nc6 4. exd5 Qxd5 5. Nc3 Qxd4 6. Nd5 e5 7. Nc7+ Kd8 8. Nxa8 exf4 9. Nf3 Qxd1+ 10. Rxd1+ Bd7 11. Bb5 f6 12. O-O Kc8 13. Rd2 Be7 14. Rfd1 Be8 15. c3 Nh6 16. Re1 Bd8 17. b4 Nf7 18. bxc5 Kb8 19. Nd4 Kxa8 20. Nxc6 Bxc6 21. Bxc6 bxc6 22. Rd7 Ne5 23. Rxg7 Re8 24. Rd1 Be7 25. Rxh7 Bxc5 26. Kf1 Ng4 27. Rd2 Rb8 28. h4 Nxf2 29. Ke2 Ne4 30. Rdd7 f5 31. Rdg7 Rd8 32. Kf3 Be3 33. Rf7 Ng3 34. h5 Bc5 35. Kxf4 Rg8 36. h6 Bd6+ 37. Kf3 Bb8 38. Rhg7 Rd8 39. Rd7 Re8 40. h7 Re1 41. h8=Q 1-0